[Event "G7-1 2012"]
[Site "Helsingor"]
[Date "2012.04.03"]
[Round "1"]
[White "Schultz Pedersen, Jesper"]
[Black "Karstensen, Christian"]
[Result "1-0"]
[WhiteElo "2130"]
[BlackElo "1912"]
[PlyCount "53"]
[EventDate "2012.??.??"]
[EventCountry "DEN"]

1. e4 e6 2. d4 d5 3. e5 c5 4. Nf3 Nc6 5. Bd3 Bd7 6. O-O cxd4 7. a3 Qc7 8. Re1
O-O-O 9. c3 f6 10. cxd4 fxe5 11. dxe5 Kb8 12. Nc3 h6 13. Nb5 Qc8 14. Be3 b6 15.
Rc1 Qb7 16. Qe2 g5 17. Nbd4 Nge7 18. Ba6 Qa8 19. Nxc6+ Nxc6 20. Nd4 Nxd4 21.
Bxd4 Ba4 22. Qf3 Bc5 23. Bxc5 bxc5 24. Rxc5 d4 25. Qf7 Rd7 26. Rec1 Bc6 27.
Qxe6 1-0

[Event "G7-1 2012"]
[Site "Helsingor"]
[Date "2012.04.03"]
[Round "1"]
[White "Bjorneboe, Kristian"]
[Black "Fredericia, Louise Winther"]
[Result "1/2-1/2"]
[WhiteElo "1902"]
[BlackElo "2058"]
[PlyCount "100"]
[EventDate "2012.??.??"]
[EventCountry "DEN"]

1. d4 Nf6 2. Nf3 g6 3. Nbd2 c5 4. dxc5 Qa5 5. g3 Bg7 6. Bg2 O-O 7. O-O Qxc5 8.
e4 d6 9. c3 Nc6 10. Qe2 Rb8 11. Nb3 Qh5 12. Nfd4 Bg4 13. f3 Bd7 14. Be3 Rfc8
15. Nxc6 Bxc6 16. Bxa7 Bb5 17. Qf2 Bxf1 18. Qxf1 Ra8 19. Be3 Bh6 20. Bd4 Nd7
21. f4 Bf8 22. Bf3 Qh6 23. Qb5 Rc7 24. Na5 e5 25. Be3 Qh3 26. Bg2 Qe6 27. f5
Qe8 28. Nb3 Qd8 29. a3 Nc5 30. Nxc5 dxc5 31. Qc4 Ra6 32. Rf1 Rd6 33. fxg6 hxg6
34. h4 Rd1 35. Bg5 Rxf1+ 36. Qxf1 Be7 37. Be3 Rd7 38. Qf2 Rd3 39. Bf3 b6 40.
Be2 Rd6 41. Bc4 Rf6 42. Qe2 Qd7 43. Kg2 Rd6 44. Bd5 Kg7 45. c4 f5 46. exf5 gxf5
47. Qh5 Bf8 48. Bd2 Rg6 49. Qe2 Bd6 50. h5 Rg4 1/2-1/2

[Event "G7-1 2012"]
[Site "Helsingor"]
[Date "2012.04.03"]
[Round "1"]
[White "Sorensen, Dick"]
[Black "Nielsen, Klaus"]
[Result "1/2-1/2"]
[WhiteElo "1896"]
[BlackElo "2043"]
[PlyCount "47"]
[EventDate "2012.??.??"]
[EventCountry "DEN"]

1. e4 c5 2. d4 cxd4 3. c3 dxc3 4. Nxc3 e6 5. Nf3 a6 6. a3 Nc6 7. Bc4 Qc7 8. Qe2
Bd6 9. O-O Nge7 10. h3 Ng6 11. Ba2 O-O 12. Rd1 Bf4 13. g3 Bxc1 14. Raxc1 d6 15.
Kh2 Qe7 16. Na4 Rb8 17. Nb6 Rd8 18. Rc2 h5 19. Rcd2 h4 20. Nc4 hxg3+ 21. fxg3
e5 22. Nxd6 Be6 23. Bxe6 Qxe6 24. Nf5 1/2-1/2

[Event "G7-1 2012"]
[Site "Helsingor"]
[Date "2012.04.03"]
[Round "1"]
[White "Andersen, Rune"]
[Black "Luther, Lasse"]
[Result "1/2-1/2"]
[WhiteElo "2111"]
[BlackElo "1907"]
[PlyCount "56"]
[EventDate "2012.??.??"]
[EventCountry "DEN"]

1. d4 Nf6 2. Nf3 g6 3. Bg5 Bg7 4. Nbd2 d5 5. e3 O-O 6. Bd3 c5 7. c3 Qc7 8. O-O
Nbd7 9. Bf4 Qb6 10. Qb3 Qxb3 11. axb3 Nh5 12. Bc7 Re8 13. g4 Nhf6 14. h3 h5 15.
g5 Nh7 16. Bb5 Rf8 17. h4 f6 18. c4 fxg5 19. hxg5 cxd4 20. exd4 Rf5 21. cxd5
Nxg5 22. Kg2 Nxf3 23. Nxf3 Kh7 24. Rfe1 Nf6 25. Bd3 Rxd5 26. Rxe7 Rd7 27. Rae1
Rxe7 28. Rxe7 Nd5 1/2-1/2

[Event "G7-1 2012"]
[Site "Helsingor"]
[Date "2012.04.03"]
[Round "1"]
[White "Jensen, Leif"]
[Black "Poulsen, Peter Risgaard"]
[Result "1-0"]
[WhiteElo "1982"]
[BlackElo "1888"]
[PlyCount "91"]
[EventDate "2012.??.??"]
[EventCountry "DEN"]

1. e4 e6 2. d4 d5 3. Nd2 Nf6 4. e5 Nfd7 5. c3 c5 6. f4 Nc6 7. Ndf3 Qa5 8. Kf2
Be7 9. g3 b5 10. Kg2 b4 11. Bd2 Qb6 12. cxb4 Nxd4 13. Nxd4 cxd4 14. Nf3 Bb7 15.
Qb3 f6 16. exf6 Bxf6 17. Bd3 O-O 18. Rac1 g6 19. Rc2 Rae8 20. Re1 Bg7 21. Qa4
Nf6 22. Qb5 Ne4 23. Qxb6 axb6 24. Rc7 Rf7 25. Rec1 Ree7 26. Rxe7 Rxe7 27. a4 g5
28. a5 g4 29. Be1 gxf3+ 30. Kxf3 b5 31. Bxb5 Nd6 32. Bd3 e5 33. fxe5 Rxe5 34.
Bf2 Ne4 35. g4 Re8 36. Bh4 Nd6 37. a6 Re3+ 38. Kf2 Bxa6 39. Bxa6 Ne4+ 40. Kg2
Be5 41. Re1 Rxe1 42. Bxe1 Nd6 43. Bg3 Bxg3 44. Kxg3 Nc4 45. Bxc4 dxc4 46. Kf4
1-0

[Event "G7-1 2012"]
[Site "Helsingor"]
[Date "2012.04.03"]
[Round "1"]
[White "Hvid, Jorn Christensen"]
[Black "Bruun, Henrik Emil"]
[Result "0-1"]
[WhiteElo "1884"]
[BlackElo "1950"]
[PlyCount "46"]
[EventDate "2012.??.??"]
[EventCountry "DEN"]

1. e4 d6 2. d4 g6 3. Nc3 Bg7 4. Nf3 Nf6 5. Bg5 O-O 6. Bd3 Na6 7. Qd2 c5 8. Bxa6
cxd4 9. Bxf6 dxc3 10. Bxc3 Bxc3 11. Qxc3 bxa6 12. O-O Bb7 13. Qd3 Qb6 14. b3
Rac8 15. c4 a5 16. a3 a4 17. b4 f5 18. Ng5 h6 19. c5 dxc5 20. Qc4+ Kh8 21. Nf7+
Kh7 22. Ne5 cxb4 23. Nd7 Rxc4 0-1

[Event "G7-1 2012"]
[Site "Helsingor"]
[Date "2012.04.03"]
[Round "1"]
[White "Percivaldi, Martin"]
[Black "Oland, Arne"]
[Result "1-0"]
[WhiteElo "1920"]
[BlackElo "1878"]
[PlyCount "105"]
[EventDate "2012.??.??"]
[EventCountry "DEN"]

1. d4 f5 2. g3 Nf6 3. Bg2 g6 4. Nf3 Bg7 5. O-O O-O 6. c4 d6 7. Nc3 c6 8. Qc2
Na6 9. a3 Bd7 10. Bg5 h6 11. Bd2 Qe8 12. Rfe1 Qf7 13. b3 Nh5 14. Rad1 Rad8 15.
e4 f4 16. Bc1 e5 17. dxe5 dxe5 18. Bb2 fxg3 19. fxg3 Bg4 20. Rxd8 Rxd8 21. Rf1
Qe7 22. Nd1 Nc5 23. Nf2 Bc8 24. b4 Nd7 25. Nd3 Bf6 26. Bh3 Re8 27. Bxd7 Bxd7
28. Ndxe5 Bh3 29. Re1 Qg7 30. Nd3 Bg4 31. Nh4 Bd4+ 32. Bxd4 Qxd4+ 33. Nf2 g5
34. Ng2 Bf3 35. Qd3 Qxd3 36. Nxd3 Rxe4 37. Rxe4 Bxe4 38. Nc5 Bxg2 39. Kxg2 b6
40. Nd7 Ng7 41. Kf3 Ne6 42. Ke4 Kg7 43. Ke5 Kf7 44. Kd6 Nd4 45. Ne5+ Kf6 46.
Nxc6 Nf3 47. Nxa7 Nxh2 48. c5 bxc5 49. bxc5 Nf3 50. c6 Nd4 51. c7 Nf5+ 52. Kd7
Ne7 53. Nc6 1-0

[Event "G7-1 2012"]
[Site "Helsingor"]
[Date "2012.04.03"]
[Round "1"]
[White "Molin, Claus"]
[Black "Jensen, Morten Frank"]
[Result "0-1"]
[WhiteElo "1887"]
[BlackElo "1979"]
[PlyCount "56"]
[EventDate "2012.??.??"]
[EventCountry "DEN"]

1. Nf3 g6 2. c4 Bg7 3. g3 c5 4. Bg2 Nc6 5. O-O b6 6. Nc3 Bb7 7. d3 Nf6 8. Bg5
O-O 9. Qd2 Re8 10. Ne5 Qc8 11. Nxc6 Bxc6 12. Nd5 Nxd5 13. cxd5 Bb7 14. Rac1 d6
15. b4 Qd7 16. bxc5 dxc5 17. e4 e6 18. Bh3 Qd6 19. Bf4 Be5 20. d4 Bxf4 21. gxf4
cxd4 22. Qxd4 Qxf4 23. dxe6 fxe6 24. f3 Ba6 25. Rfd1 Be2 26. Re1 Bxf3 27. Qd7
Qg5+ 28. Kf2 Bg4 0-1

[Event "G7-1 2012"]
[Site "Helsingor"]
[Date "2012.04.03"]
[Round "1"]
[White "Hoyer, Jacob K"]
[Black "Hansen, Verner"]
[Result "1-0"]
[WhiteElo "2053"]
[BlackElo "1900"]
[PlyCount "85"]
[EventDate "2012.??.??"]
[EventCountry "DEN"]

1. d4 d5 2. c4 c6 3. Nf3 Bf5 4. e3 e6 5. Nc3 Nf6 6. Nh4 Bg4 7. Qb3 Qc7 8. Bd2
Be7 9. h3 Bh5 10. g4 Bg6 11. Nxg6 hxg6 12. Bg2 Nbd7 13. g5 dxc4 14. Qxc4 Nb6
15. Qb3 Nfd5 16. f4 a5 17. a4 Nb4 18. Ne4 N6d5 19. Rc1 Rd8 20. O-O f5 21. Nc5
Bxc5 22. Rxc5 Ke7 23. e4 fxe4 24. Bxe4 Rdf8 25. Qg3 Qd6 26. Rxa5 Na6 27. Bd3
Ndc7 28. Bc3 Nb4 29. Be4 Ncd5 30. Bd2 Na6 31. Kh2 Ra8 32. Bd3 Ndb4 33. Bc3 Nd5
34. Bxa6 b6 35. Rxd5 exd5 36. Re1+ Kd8 37. Bd3 Rxa4 38. Qg4 c5 39. Bb5 Ra7 40.
Re6 Qc7 41. Qf3 cxd4 42. Qxd5+ Kc8 43. Rc6 1-0

[Event "G7-1 2012"]
[Site "Helsingor"]
[Date "2012.04.03"]
[Round "1"]
[White "Vesterli, Michael E"]
[Black "Christensen, Casper"]
[Result "1/2-1/2"]
[WhiteElo "1956"]
[BlackElo "1886"]
[PlyCount "93"]
[EventDate "2012.??.??"]
[EventCountry "DEN"]

1. d4 Nf6 2. c4 e6 3. Nf3 d5 4. Nc3 c5 5. cxd5 Nxd5 6. e4 Nb6 7. Be3 cxd4 8.
Nxd4 e5 9. Ndb5 Be6 10. Qxd8+ Kxd8 11. Nxa7 N8d7 12. Nab5 Bb4 13. O-O-O Nc4 14.
Bxc4 Bxc4 15. a3 Bxc3 16. Nxc3 Rc8 17. Kb1 Ke7 18. Nd5+ Ke6 19. f3 Rc6 20. Rd2
Bb3 21. Nb4 Rc7 22. Rd3 Bc4 23. Rc3 Rhc8 24. Rhc1 Kd6 25. b3 Be2 26. Nd5 Rxc3
27. Nxc3 Ba6 28. Kb2 Ke6 29. b4 b5 30. Rd1 f6 31. Nd5 Rc6 32. Kb3 g6 33. g4 Rc8
34. Nb6 Nxb6 35. Bxb6 f5 36. Bc5 Rc6 37. Rd8 fxe4 38. fxe4 Bb7 39. g5 Rc7 40.
Re8+ Kf7 41. Rxe5 Bc6 42. Bd4 Re7 43. Rxe7+ Kxe7 44. e5 Ke6 45. Kc3 Kd5 46. Kd3
Bd7 47. h4 1/2-1/2

[Event "G7-1 2012"]
[Site "Helsingor"]
[Date "2012.04.04"]
[Round "2"]
[White "Fredericia, Louise Winther"]
[Black "Percivaldi, Martin"]
[Result "1/2-1/2"]
[WhiteElo "2058"]
[BlackElo "1920"]
[PlyCount "158"]
[EventDate "2012.??.??"]
[EventCountry "DEN"]

1. c4 c6 2. e4 d5 3. exd5 cxd5 4. d4 dxc4 5. Bxc4 e6 6. Nf3 Nf6 7. O-O Be7 8.
Nc3 O-O 9. Re1 Nbd7 10. Qe2 Nb6 11. Bd3 Nbd5 12. Ne5 a6 13. a3 Qd6 14. Qf3 Bd7
15. Qh3 g6 16. Bg5 Nxc3 17. bxc3 Bc6 18. Bf4 Qd8 19. Bh6 Nd5 20. Bxf8 Qxf8 21.
Nxc6 bxc6 22. Be4 Rc8 23. Qd3 a5 24. c4 Nf6 25. Bf3 Qd8 26. Qc3 Qc7 27. c5 Nd5
28. Bxd5 exd5 29. Rab1 Bf6 30. g3 Kg7 31. Kg2 h5 32. h4 Rb8 33. Rxb8 Qxb8 34.
Rd1 Qb5 35. Rd2 Qa4 36. Rd3 Qb5 37. Qc2 Kh7 38. Qd2 Kg7 39. Qe3 Qc4 40. Qd2 Qa4
41. Qf4 Qc4 42. Rd2 Qa4 43. Rd3 Qc4 44. Qe3 Qa4 45. Kh3 Qc2 46. Qd2 Qc4 47. f3
Qb5 48. g4 hxg4+ 49. fxg4 Qa6 50. Rf3 Qc8 51. Qf4 Qe6 52. Re3 Qc8 53. Kg3 Qb7
54. Rf3 Bd8 55. Kh3 f6 56. Qd6 Qb1 57. Qh2 Qe4 58. Qf4 Qb1 59. Kg2 Qc2+ 60. Rf2
Qd3 61. a4 Qd1 62. Rb2 Be7 63. g5 fxg5 64. hxg5 Qe1 65. Rb7 Qe2+ 66. Kg3 Qe1+
67. Qf2 Qe6 68. Qf4 Qe1+ 69. Kg2 Qe2+ 70. Kh3 Qe6+ 71. Qg4 Qe3+ 72. Qg3 Qe6+
73. Kg2 Qe2+ 74. Qf2 Qg4+ 75. Qg3 Qe2+ 76. Kg1 Qd1+ 77. Kh2 Qe2+ 78. Kh1 Qf1+
79. Kh2 Qe2+ 1/2-1/2

[Event "G7-1 2012"]
[Site "Helsingor"]
[Date "2012.04.04"]
[Round "2"]
[White "Jensen, Morten Frank"]
[Black "Schultz Pedersen, Jesper"]
[Result "0-1"]
[WhiteElo "1979"]
[BlackElo "2130"]
[PlyCount "76"]
[EventDate "2012.??.??"]
[EventCountry "DEN"]

1. g3 e5 2. Bg2 Nc6 3. c4 f5 4. Nc3 Nf6 5. d3 Bc5 6. Nh3 O-O 7. Bg5 h6 8. Bxf6
Qxf6 9. Nd5 Qd8 10. e3 a5 11. O-O d6 12. f4 Ba7 13. Kh1 Ne7 14. fxe5 dxe5 15.
d4 c6 16. Nxe7+ Qxe7 17. Re1 Be6 18. dxe5 Bxc4 19. Nf4 Bf7 20. e6 Be8 21. Qb3
g5 22. Nd3 Rf6 23. e4 f4 24. e5 Rf8 25. gxf4 gxf4 26. Rf1 Be3 27. Be4 Bh5 28.
Rae1 Kh8 29. Qc4 Rad8 30. Bf3 Bg6 31. Nf2 Bf5 32. Bg4 Bxf2 33. Bxf5 Bxe1 34.
Qxf4 Bd2 35. Qf2 Rg8 36. Rd1 Be3 37. Qc2 Rxd1+ 38. Qxd1 Rg1+ 0-1

[Event "G7-1 2012"]
[Site "Helsingor"]
[Date "2012.04.04"]
[Round "2"]
[White "Willumsen, Niels Henrik"]
[Black "Jensen, Leif"]
[Result "1/2-1/2"]
[WhiteElo "2127"]
[BlackElo "1982"]
[PlyCount "52"]
[EventDate "2012.??.??"]
[EventCountry "DEN"]

1. e4 e6 2. d4 d5 3. Nc3 dxe4 4. Nxe4 Nd7 5. Nf3 Ngf6 6. Bd3 Nxe4 7. Bxe4 Nf6
8. Bg5 Be7 9. Bxf6 Bxf6 10. Qd3 c6 11. O-O-O h6 12. Kb1 Qc7 13. Ne5 Bd7 14.
Rhe1 O-O 15. f4 Rfd8 16. Bh7+ Kf8 17. f5 exf5 18. Nxf7 Re8 19. Ne5 Bxe5 20.
Rxe5 Rxe5 21. dxe5 Be6 22. Bxf5 Qxe5 23. Rf1 Kg8 24. Bh7+ Kh8 25. Bg6 Bg8 26.
h4 Rf8 1/2-1/2

[Event "G7-1 2012"]
[Site "Helsingor"]
[Date "2012.04.04"]
[Round "2"]
[White "Nielsen, Klaus"]
[Black "Bjorneboe, Kristian"]
[Result "1-0"]
[WhiteElo "2043"]
[BlackElo "1902"]
[PlyCount "49"]
[EventDate "2012.??.??"]
[EventCountry "DEN"]

1. d4 Nf6 2. Nf3 g6 3. Nc3 d5 4. Bf4 c6 5. Qd2 Bg7 6. Ne5 Nbd7 7. f3 O-O 8. g4
Nxe5 9. Bxe5 Ne8 10. Bxg7 Nxg7 11. O-O-O b5 12. e3 Qd6 13. h4 h5 14. gxh5 Nxh5
15. Bd3 Qf6 16. Rdg1 a5 17. Qe2 Bf5 18. Bxf5 Qxf5 19. Rg5 Qe6 20. Rhg1 Kh8 21.
f4 Ng7 22. h5 Nf5 23. hxg6 Qxe3+ 24. Qxe3 Nxe3 25. g7+ 1-0

[Event "G7-1 2012"]
[Site "Helsingor"]
[Date "2012.04.04"]
[Round "2"]
[White "Bruun, Henrik Emil"]
[Black "Hoyer, Jacob K"]
[Result "0-1"]
[WhiteElo "1950"]
[BlackElo "2053"]
[PlyCount "98"]
[EventDate "2012.??.??"]
[EventCountry "DEN"]

1. e4 c6 2. d4 d5 3. e5 Bf5 4. Nf3 e6 5. Be2 c5 6. O-O Nc6 7. c4 dxc4 8. Bxc4
cxd4 9. Qb3 Qc7 10. Na3 a6 11. Bd2 Rd8 12. Rac1 Bxa3 13. Qxa3 Nge7 14. Bb4 Nxb4
15. Qxb4 Nc6 16. Qa3 Be4 17. Nd2 Bd5 18. f4 Qa5 19. Qxa5 Nxa5 20. Bxd5 Rxd5 21.
Rc8+ Rd8 22. Rxd8+ Kxd8 23. Nf3 Ke7 24. Rd1 Nc6 25. Nxd4 Nb4 26. Rc1 Rd8 27.
Rc7+ Rd7 28. Rxd7+ Kxd7 29. Kf2 Nxa2 30. Ke3 Nb4 31. Ke4 Nc6 32. Nf3 h6 33. g4
b5 34. f5 a5 35. h4 a4 36. h5 exf5+ 37. gxf5 b4 38. Nd2 Ne7 39. Nc4 Kc6 40. f6
gxf6 41. exf6 Ng8 42. Kd4 Nxf6 43. Ne5+ Kb5 44. Nxf7 b3 45. Kd3 Kb4 46. Kd2 a3
47. bxa3+ Kxa3 48. Ne5 b2 49. Nc4+ Ka2 0-1

[Event "G7-1 2012"]
[Site "Helsingor"]
[Date "2012.04.04"]
[Round "2"]
[White "Christensen, Casper"]
[Black "Andersen, Rune"]
[Result "0-1"]
[WhiteElo "1886"]
[BlackElo "2111"]
[PlyCount "98"]
[EventDate "2012.??.??"]
[EventCountry "DEN"]

1. e4 c5 2. Nf3 Nc6 3. d4 cxd4 4. Nxd4 Nf6 5. Nc3 e5 6. Ndb5 d6 7. a4 a6 8. Na3
Be6 9. Bc4 Rc8 10. O-O Be7 11. Qd3 Nb4 12. Qe2 Qc7 13. Bb3 O-O 14. Rd1 Rfd8 15.
Nd5 Nbxd5 16. exd5 Bf5 17. Nc4 Nd7 18. Be3 b6 19. a5 b5 20. Nb6 Rb8 21. Nxd7
Qxd7 22. c4 Rdc8 23. Rac1 h6 24. Qd2 Qb7 25. c5 dxc5 26. d6 Bg5 27. Bxg5 hxg5
28. Qxg5 Qd7 29. Rc3 c4 30. Bc2 Bxc2 31. Rxc2 f6 32. Qd2 Qe6 33. d7 Rd8 34. Qd6
Qxd6 35. Rxd6 Ra8 36. Kf1 Kf7 37. Rcd2 Ke7 38. Rb6 Rxd7 39. Rxd7+ Kxd7 40. Rb7+
Kc6 41. Rxg7 b4 42. Rf7 Kb5 43. Rxf6 Kxa5 44. Re6 Ka4 45. Rxe5 Kb3 46. Rc5 a5
47. Ke2 a4 48. Kd2 Kxb2 49. Rxc4 b3 0-1

[Event "G7-1 2012"]
[Site "Helsingor"]
[Date "2012.04.04"]
[Round "2"]
[White "Poulsen, Peter Risgaard"]
[Black "Hvid, Jorn Christensen"]
[Result "0-1"]
[WhiteElo "1888"]
[BlackElo "1884"]
[PlyCount "92"]
[EventDate "2012.??.??"]
[EventCountry "DEN"]

1. d4 d5 2. Bf4 Nf6 3. e3 e6 4. Nf3 Bd6 5. Ne5 a6 6. Bd3 c5 7. c3 Nc6 8. Bg3
Qc7 9. f4 Na5 10. Nd2 b5 11. Qf3 Rb8 12. O-O Nc4 13. Nb3 Nxb2 14. dxc5 Bxc5 15.
Rac1 Bb7 16. Nd4 Nxd3 17. Nxd3 Bd6 18. Bh4 Be7 19. f5 e5 20. Nxe5 Ne4 21. Bg3
Nxg3 22. Qxg3 Bd6 23. Qxg7 Bxe5 24. f6 Rf8 25. Qxh7 Qd6 26. Rf5 Bc8 27. Rf3 Bg4
28. Rf2 Bxf6 29. Rcf1 Rh8 30. Rxf6 Qxf6 31. Rxf6 Rxh7 32. Rxa6 b4 33. Nc6 Rc8
34. Nxb4 Be6 35. Nc6 Rh4 36. Nd4 Rxc3 37. Kf2 Rxh2 38. Kg3 Rh6 39. Kf4 Rf6+ 40.
Ke5 Rg6 41. Nb5 Rxe3+ 42. Kd4 Re4+ 43. Kd3 Rg3+ 44. Kd2 Rxg2+ 45. Kd3 Rg3+ 46.
Kd2 Rh4 0-1

[Event "G7-1 2012"]
[Site "Helsingor"]
[Date "2012.04.04"]
[Round "2"]
[White "Hansen, Verner"]
[Black "Molin, Claus"]
[Result "0-1"]
[WhiteElo "1900"]
[BlackElo "1887"]
[PlyCount "84"]
[EventDate "2012.??.??"]
[EventCountry "DEN"]

1. e4 e5 2. Nf3 Nc6 3. Bb5 a6 4. Bxc6 dxc6 5. O-O f6 6. d4 exd4 7. Qxd4 Qxd4 8.
Nxd4 Bd7 9. Be3 O-O-O 10. c3 Bd6 11. Nd2 Ne7 12. b4 Ng6 13. a4 Ne5 14. h3 g5
15. b5 cxb5 16. axb5 Bxb5 17. Nxb5 axb5 18. Rfb1 c6 19. Bb6 Bc7 20. Bd4 b6 21.
Ra7 c5 22. Be3 Nc6 23. Ra8+ Kb7 24. Rxd8 Rxd8 25. Rxb5 Rd3 26. c4 Nb4 27. Kf1
Kc6 28. Ke2 Rc3 29. g3 h6 30. Kf3 Nc2 31. Ke2 Na3 32. Rb2 Nxc4 33. Nxc4 Rxc4
34. Kd3 Ra4 35. f4 Ra3+ 36. Ke2 b5 37. e5 fxe5 38. f5 Bd8 39. Kf3 g4+ 40. hxg4
Bg5 41. Re2 Rxe3+ 42. Rxe3 Bxe3 0-1

[Event "G7-1 2012"]
[Site "Helsingor"]
[Date "2012.04.04"]
[Round "2"]
[White "Luther, Lasse"]
[Black "Vesterli, Michael E"]
[Result "0-1"]
[WhiteElo "1907"]
[BlackElo "1956"]
[PlyCount "92"]
[EventDate "2012.??.??"]
[EventCountry "DEN"]

1. e4 c5 2. Nf3 d6 3. d4 cxd4 4. Nxd4 Nf6 5. Nc3 Nc6 6. Bg5 e6 7. f4 Qb6 8. Nb3
a6 9. Qd2 Ng4 10. h3 Qe3+ 11. Qxe3 Nxe3 12. Kd2 Nxf1+ 13. Rhxf1 h6 14. Bh4 b5
15. Rae1 Bb7 16. f5 Rc8 17. fxe6 fxe6 18. a3 g5 19. Bg3 Ke7 20. h4 Bg7 21. Kc1
b4 22. axb4 Nxb4 23. Na5 Bxc3 24. bxc3 Rxc3 25. Nxb7 Rxg3 26. hxg5 Rc8 27. Rf7+
Kxf7 28. Nxd6+ Kg7 29. gxh6+ Kh7 30. Nxc8 Rc3 31. Nd6 Rc6 32. Ne8 Nd3+ 33. Kd2
Nxe1 34. Kxe1 Rxc2 35. Ng7 Rc6 36. Nh5 Kxh6 37. Nf4 Kg5 38. Nd3 a5 39. Kd2 a4
40. g3 a3 41. Nc1 Kg4 42. Na2 Kxg3 43. Nc3 Kf3 44. e5 Kf4 45. Kc2 a2 46. Kb2
Rxc3 0-1

[Event "G7-1 2012"]
[Site "Helsingor"]
[Date "2012.04.04"]
[Round "2"]
[White "Oland, Arne"]
[Black "Thomsen, Kurt"]
[Result "0-1"]
[WhiteElo "1878"]
[BlackElo "1909"]
[PlyCount "80"]
[EventDate "2012.??.??"]
[EventCountry "DEN"]

1. d4 Nf6 2. c4 g6 3. Nc3 d5 4. cxd5 Nxd5 5. e4 Nxc3 6. bxc3 Bg7 7. Bc4 c5 8.
Ne2 Nc6 9. Be3 cxd4 10. cxd4 Qa5+ 11. Bd2 Qa3 12. Bc3 O-O 13. Qd2 Rd8 14. O-O
Bg4 15. f3 Be6 16. Bxe6 fxe6 17. Qe3 Nxd4 18. Nxd4 Qxc3 19. Qxc3 Bxd4+ 20. Qxd4
Rxd4 21. Rfc1 Rad8 22. Rc2 Kf7 23. Rac1 Rd1+ 24. Rxd1 Rxd1+ 25. Kf2 Rb1 26. Ke3
e5 27. Rd2 Rb4 28. g3 Ke6 29. h4 a5 30. f4 b5 31. Rd3 exf4+ 32. gxf4 Rb2 33.
Rd5 a4 34. h5 gxh5 35. Rxh5 b4 36. Rh6+ Kd7 37. Rxh7 Rxa2 38. Kd4 b3 39. Rh1 b2
40. Kc3 Ra1 0-1

[Event "G7-1 2012"]
[Site "Helsingor"]
[Date "2012.04.04"]
[Round "2"]
[White "Karstensen, Christian"]
[Black "Sorensen, Dick"]
[Result "0-1"]
[WhiteElo "1912"]
[BlackElo "1896"]
[PlyCount "116"]
[EventDate "2012.??.??"]
[EventCountry "DEN"]

1. e4 c5 2. Nf3 e6 3. d4 cxd4 4. Nxd4 a6 5. Nc3 Qc7 6. Be3 Nf6 7. Bd3 Bc5 8.
Qe2 O-O 9. O-O d6 10. Kh1 b5 11. a3 Bb7 12. Nf3 Nbd7 13. Bg5 Ng4 14. h3 Nge5
15. Nxe5 Nxe5 16. f4 Nxd3 17. cxd3 f6 18. Bh4 Qf7 19. Rac1 Rac8 20. Bf2 f5 21.
d4 Ba7 22. e5 Qg6 23. Rg1 dxe5 24. fxe5 Qh6 25. Kh2 Bxd4 26. Bxd4 Qf4+ 27. g3
Qxd4 28. Rgd1 Qc4 29. Qxc4 Rxc4 30. Rd7 Bc8 31. Rd6 f4 32. gxf4 Rcxf4 33. Rc2
Kf7 34. Na2 Kg6 35. Nb4 Rf2+ 36. Rxf2 Rxf2+ 37. Kg3 Rxb2 38. Rc6 a5 39. Nc2 Bb7
40. Rxe6+ Kf5 41. Nd4+ Ke4 42. Rb6 Kxd4 43. Rxb7 Kxe5 44. Rxg7 Rb3+ 45. Kg4 h5+
46. Kh4 a4 47. Rg5+ Kd4 48. Rxh5 Kc3 49. Rf5 Kb2 50. Kg4 Kxa3 51. h4 b4 52. h5
Rb1 53. Rf3+ b3 54. h6 Rc1 55. h7 Rc8 56. Kf5 Rh8 57. Rh3 Ka2 58. Ke4 b2 0-1

[Event "G7-1 2012"]
[Site "Helsingor"]
[Date "2012.04.05"]
[Round "3"]
[White "Schultz Pedersen, Jesper"]
[Black "Hoyer, Jacob K"]
[Result "1-0"]
[WhiteElo "2130"]
[BlackElo "2053"]
[PlyCount "61"]
[EventDate "2012.??.??"]
[EventCountry "DEN"]

1. e4 c6 2. Nc3 d5 3. Nf3 dxe4 4. Ng5 Bf5 5. d3 exd3 6. Qf3 Bg6 7. h4 f6 8. h5
Bf7 9. Nxf7 Kxf7 10. Bxd3 e6 11. Be3 Ne7 12. O-O-O Nd7 13. Ne4 Nd5 14. Ng5+ Ke7
15. Nxe6 Kxe6 16. Bf5+ Kf7 17. Rxd5 cxd5 18. Qxd5+ Ke8 19. Qxb7 Rc8 20. Bf4 Rc5
21. Re1+ Ne5 22. Be3 Rd5 23. f4 Be7 24. fxe5 fxe5 25. Qc6+ Kf8 26. Rf1 Rd6 27.
Be6+ Bf6 28. Bc5 Ke7 29. Rd1 Bg5+ 30. Kb1 Be3 31. Bxd6+ 1-0

[Event "G7-1 2012"]
[Site "Helsingor"]
[Date "2012.04.05"]
[Round "3"]
[White "Bjorneboe, Kristian"]
[Black "Christensen, Casper"]
[Result "1-0"]
[WhiteElo "1902"]
[BlackElo "1886"]
[PlyCount "35"]
[EventDate "2012.??.??"]
[EventCountry "DEN"]

1. d4 g6 2. e4 d6 3. Nc3 Bg7 4. Bc4 Nf6 5. Nf3 c5 6. dxc5 Qa5 7. O-O Qxc5 8.
Bb3 Bd7 9. h3 b5 10. Re1 O-O 11. e5 dxe5 12. Nxe5 e6 13. Qf3 Bc6 14. Nxc6 Nxc6
15. Be3 Nd4 16. Bxd4 Qxd4 17. Nxb5 Qxb2 18. Rab1 1-0

[Event "G7-1 2012"]
[Site "Helsingor"]
[Date "2012.04.05"]
[Round "3"]
[White "Jensen, Leif"]
[Black "Jensen, Morten Frank"]
[Result "1/2-1/2"]
[WhiteElo "1982"]
[BlackElo "1979"]
[PlyCount "21"]
[EventDate "2012.??.??"]
[EventCountry "DEN"]

1. e4 g6 2. g3 Bg7 3. Bg2 c5 4. d3 Nc6 5. f4 d6 6. c3 Nh6 7. Nf3 O-O 8. O-O f5
9. Re1 fxe4 10. dxe4 Kh8 11. Na3 1/2-1/2

[Event "G7-1 2012"]
[Site "Helsingor"]
[Date "2012.04.05"]
[Round "3"]
[White "Thomsen, Kurt"]
[Black "Fredericia, Louise Winther"]
[Result "0-1"]
[WhiteElo "1909"]
[BlackElo "2058"]
[PlyCount "92"]
[EventDate "2012.??.??"]
[EventCountry "DEN"]

1. d4 Nf6 2. c4 g6 3. Nc3 Bg7 4. e4 d6 5. f3 O-O 6. Be3 a6 7. Bd3 c6 8. Nge2 b5
9. a3 bxc4 10. Bxc4 Nbd7 11. O-O Rb8 12. Qd2 c5 13. dxc5 Qc7 14. b4 dxc5 15. b5
Ne5 16. Qa2 axb5 17. Nxb5 Qa5 18. Nec3 Ba6 19. Rab1 Nfd7 20. Rfc1 Nxc4 21. Qxc4
Bxc3 22. Qxc3 Rxb5 23. Rxb5 Qxc3 24. Rxc3 Bxb5 25. Bxc5 Rc8 26. Bb4 Rxc3 27.
Bxc3 Nb6 28. h4 h5 29. Kf2 Kf8 30. Kg3 Nc4 31. Bb4 Ne5 32. Bc3 f6 33. Kf4 Bf1
34. Kg3 Kf7 35. Kf2 Bb5 36. Kg3 Ke6 37. Kf4 Nc4 38. Bb4 Kd7 39. g4 Ne5 40. Bc3
Be2 41. g5 Ke6 42. gxf6 exf6 43. Bxe5 fxe5+ 44. Kg5 Bxf3 45. Kxg6 Bxe4+ 46.
Kxh5 Kf5 0-1

[Event "G7-1 2012"]
[Site "Helsingor"]
[Date "2012.04.05"]
[Round "3"]
[White "Poulsen, Peter Risgaard"]
[Black "Karstensen, Christian"]
[Result "0-1"]
[WhiteElo "1888"]
[BlackElo "1912"]
[PlyCount "98"]
[EventDate "2012.??.??"]
[EventCountry "DEN"]

1. d4 d5 2. Bf4 e6 3. Nf3 Nf6 4. e3 Be7 5. Bd3 Nbd7 6. Nbd2 c5 7. c3 b6 8. Ne5
Bb7 9. Ndf3 c4 10. Bc2 b5 11. a3 a5 12. g4 Nb6 13. Ng5 Rf8 14. Nexf7 Rxf7 15.
Nxe6 Qc8 16. Bf5 Qc6 17. Nc7+ Kd8 18. Nxa8 Bxa8 19. g5 Ne4 20. Qg4 g6 21. Be6
Rf8 22. f3 Nd6 23. Qh3 Nf7 24. Bxf7 Rxf7 25. O-O Bb7 26. Qg3 Bc8 27. e4 Na4 28.
Rf2 dxe4 29. fxe4 Qxe4 30. Bc7+ Ke8 31. Rxf7 Kxf7 32. Re1 Qg4 33. Qxg4 Bxg4 34.
d5 Nxb2 35. d6 Bxg5 36. Re5 Bf6 37. Rxb5 Bxc3 38. Bxa5 Bd4+ 39. Kg2 Bd7 40. Rb7
Ke6 41. Rc7 Kxd6 42. Kf3 Bc6+ 43. Ke2 c3 44. Rxh7 Bb5+ 45. Kf3 c2 46. Bd2 Nc4
47. Ke2 Nxd2+ 48. Kxd2 Ba4 49. Rh3 Bb2 0-1

[Event "G7-1 2012"]
[Site "Helsingor"]
[Date "2012.04.05"]
[Round "3"]
[White "Oland, Arne"]
[Black "Hansen, Verner"]
[Result "1-0"]
[WhiteElo "1878"]
[BlackElo "1900"]
[PlyCount "99"]
[EventDate "2012.??.??"]
[EventCountry "DEN"]

1. d4 d5 2. c4 c6 3. Nc3 dxc4 4. a4 Bf5 5. e4 Bg6 6. Bxc4 e6 7. Nf3 Bb4 8. Qe2
Ne7 9. O-O O-O 10. Bg5 Nd7 11. Nh4 Nb6 12. Nxg6 hxg6 13. Rfd1 Qc7 14. Na2 a5
15. Nxb4 axb4 16. Bb3 Rfe8 17. Qc2 Ra5 18. Bh4 Qf4 19. Bg3 Qg4 20. h3 Qh5 21.
Qd2 Nd7 22. Qxb4 b6 23. Qe1 c5 24. d5 exd5 25. exd5 Nf6 26. d6 Nc6 27. Qc3 Nd4
28. Qc4 Ra7 29. Re1 Ne2+ 30. Kh2 Re4 31. Qd3 Rd7 32. Rad1 Rd8 33. Qf3 Nxg3 34.
Qxg3 Qh4 35. Qxh4 Rxh4 36. Re7 c4 37. Bc2 Kf8 38. Rb7 Rf4 39. f3 Nd7 40. Rd5
Rf6 41. Bb1 Re6 42. Ba2 Nf6 43. Rd4 Rexd6 44. Rxc4 Nd7 45. Rcc7 Rd2 46. Bc4 Rd6
47. Bb5 Ke7 48. Bxd7 R8xd7 49. Rxd7+ Rxd7 50. Rxb6 1-0